[Event "Dresden ZMD op-B 23rd"]
[Site "Dresden"]
[Date "2014.08.19"]
[Round "5"]
[White "Weisspflog, Janek"]
[Black "Graf, Anton"]
[Result "1-0"]
[WhiteElo "2044"]
[BlackElo "1964"]
[PlyCount "87"]
[EventDate "2014.08.15"]
[EventType "swiss"]
[EventRounds "9"]
[EventCountry "GER"]
[SourceTitle "EXT 2024"]
[Source "ChessBase"]
[SourceDate "2023.10.10"]
[SourceVersion "1"]
[SourceVersionDate "2023.10.10"]
[SourceQuality "1"]

1. d4 d5 2. c4 c6 3. Nf3 Nf6 4. Nc3 e6 5. e3 Nbd7 6. a3 Bd6 7. Be2 0-0 8. 0-0 dxc4 9. Bxc4 e5 10. Qc2 Qc7 11. h3 a6 12. b4 b5 13. Bd3 Bb7 14. Ng5 h6 15. Nge4 a5 16. bxa5 Rxa5 17. Bb2 Rc8 18. Nxd6 Qxd6 19. Ne4 Nxe4 20. Bxe4 exd4 21. Rfd1 Qc7 22. Rxd4 c5 23. Rxd7 Qxd7 24. Bxb7 Qxb7 25. Qc3 f6 26. Qxa5 c4 27. Rd1 Ra8 28. Qd2 Qc6 29. Qd5+ Qxd5 30. Rxd5 Rb8 31. Bc3 Kf7 32. Kf1 Ke6 33. Rd4 g5 34. Ke2 f5 35. Kd2 h5 36. Bb4 Rc8 37. Rd6+ Ke5 38. Rh6 Rd8+ 39. Kc2 f4 40. exf4+ Kxf4 41. Bd2+ Ke4 42. f3+ Kd5 43. Rxh5 Re8 44. Rxg5+ 1-0